Anatomy, descriptive and surgical.-- 15th ed. (Record no. 30742)

MARC details
000 -LEADER
fixed length control field 00809nam a2200205 a 4500
008 - FIXED-LENGTH DATA ELEMENTS--GENERAL INFORMATION
fixed length control field 110901s1995 ||||||||||||||||| || u
020 ## - INTERNATIONAL STANDARD BOOK NUMBER
International Standard Book Number 9781566198219
050 ## - LIBRARY OF CONGRESS CALL NUMBER
Classification number QM 28 Gra
100 ## - MAIN ENTRY--PERSONAL NAME
Personal name Gray, Henry, 1825-1861
245 10 - TITLE STATEMENT
Title Anatomy, descriptive and surgical.-- 15th ed.
Statement of responsibility, etc. by Henry Gray; the drawings by H. V. Carter; edited by T. Pickering Pick and Robert Howden
250 ## - EDITION STATEMENT
Edition statement 15th ed.
260 ## - PUBLICATION, DISTRIBUTION, ETC.
Place of publication, distribution, etc. New York
Name of publisher, distributor, etc. Barnes and Noble
Date of publication, distribution, etc. 1995
300 ## - PHYSICAL DESCRIPTION
Extent [xxxiv], 1096p.: ill.
350 ## -
-- 0.00
650 #3 - SUBJECT ADDED ENTRY--TOPICAL TERM
Topical term or geographic name entry element ANATOMY
650 #0 - SUBJECT ADDED ENTRY--TOPICAL TERM
Topical term or geographic name entry element HUMAN ANATOMY
700 ## - ADDED ENTRY--PERSONAL NAME
Personal name Howden, Robert
700 ## - ADDED ENTRY--PERSONAL NAME
Personal name Pick, T. Pickering
995 ## -
-- MICHAEL CHILUFYA SATA OPEN ACCESS
-- 0.00
-- 900876
-- CBU-SCHOOL OF MEDICINE LIBRARY (Ndola)
-- 1
-- 0.00
-- QM 28 Gra
-- 1
-- AVAILABLE
-- Nov 7, 2011
-- 900876
-- Medical Library Open Access Collection
999 ## -
-- 30742
-- 30742
Holdings
Withdrawn status Lost status Source of classification or shelving scheme Damaged status Not for loan Permanent Location Current Location Shelving location Date acquired Total Checkouts Full call number Barcode Date last seen Price effective from Koha item type
          CBU-SCHOOL OF MEDICINE LIBRARY, NDOLA. CBU-SCHOOL OF MEDICINE LIBRARY, NDOLA.   11/30/2022   QM 28 Gra 900876 08/15/2024 11/30/2022 MONOGRAPH